Southville International School and Colleges
Your cart is empty.
  • Cart
  • Lists
    Public lists Eva Luna New books Lux_list list_1
    Your lists Log in to create your own lists
  • Log in to your account
  • Your cookies
  • Search history
Southville International School and Colleges
  • Advanced search
  • Recent comments
  • Most popular
  • Libraries

Log in to your account

Log in with GOOGLE


If you do not have an external account, but do have a local account, you can still log in:

  1. Home
  2. MARC view: Creating theme environments /
Normal view MARC view ISBD view

Creating theme environments / (Record no. 104303)

[ view plain ]
MARC details
000 -LEADER
fixed length control field 00728nam a2200193 a 4500
005 - DATE AND TIME OF LATEST TRANSACTION
control field 20140412111318.0
008 - FIXED-LENGTH DATA ELEMENTS--GENERAL INFORMATION
fixed length control field 000823s19uu xx 00 eng d
020 ## - INTERNATIONAL STANDARD BOOK NUMBER
International Standard Book Number 1-57029-092-X
050 ## - LIBRARY OF CONGRESS CALL NUMBER
Classification number TR(GS 372.21
Item number B126 1996
100 ## - MAIN ENTRY--PERSONAL NAME
Personal name Backer, Barbara F.
245 ## - TITLE STATEMENT
Title Creating theme environments /
Statement of responsibility, etc by Barbara F. Backer ; illustrated by Priscilla Burris.
260 ## - PUBLICATION, DISTRIBUTION, ETC. (IMPRINT)
Place of publication, distribution, etc Torrance, California :
Name of publisher, distributor, etc Warren Publishing House,
Date of publication, distribution, etc 1996.
300 ## - PHYSICAL DESCRIPTION
Extent 23 p.
440 ## - SERIES STATEMENT/ADDED ENTRY--TITLE
Title 101 Tips for Preschool Teachers
500 ## - GENERAL NOTE
General note Preschool
520 ## - SUMMARY, ETC.
Summary, etc Transform your classroom into a working ranch, a space station, an undersea world, and more with the 101 tips in this book!
650 ## - SUBJECT ADDED ENTRY--TOPICAL TERM
Topical term or geographic name as entry element Preschool resources
General subdivision reproducibles
Holdings
Withdrawn status Lost status Damaged status Home library Current library Shelving location Date acquired Source of acquisition Cost, normal purchase price Total Checkouts Full call number Barcode Date last seen Price effective from Koha item type
      Elizalde Library Elizalde Library Teachers Reference Section 08/23/2000   240.00   TR(GS 372.21 B126 1996 E7326 04/12/2014 04/12/2014 Books

Creating theme environments /

APA

Backer B. F., . (1996). Creating theme environments. Torrance, California: Warren Publishing House.

Chicago

Backer Barbara F, . 1996. Creating theme environments. Torrance, California: Warren Publishing House.

Harvard

Backer B. F., . (1996). Creating theme environments. Torrance, California: Warren Publishing House.

MLA

Backer Barbara F, . Creating theme environments. Torrance, California: Warren Publishing House. 1996.

  • Place hold
  • Print
  • Cite
  • Add to your cart (remove)
  • Save record
    BIBTEX Dublin Core MARCXML MARC (non-Unicode/MARC-8) MARC (Unicode/UTF-8) MARC (Unicode/UTF-8, Standard) MODS (XML) RIS
  • More searches
    Search for this title in:
    Other Libraries (WorldCat) Other Databases (Google Scholar) Online Stores (Bookfinder.com) Open Library (openlibrary.org)

Exporting to Dublin Core...

SOUTHVILLE LIBRARY

Southville International School and Colleges Library

1281 Tropical Ave. Cor. Luxembourg St., BF Homes International, Las Pinas City

Tel. No. 8256374 / 252358 Loc. 117/146

Powered by Koha